000 00800nam a2200241 4500
003 OSt
005 20240610013727.0
006 a
008 240610b |||||||| |||| 00| 0 eng d
020 _a978111827721
040 _aDWCL-Main lib.
_cOC
082 _aCirc. 657 W571w 2013
100 _aWhittington, O. Ray
245 _aWiley CPA exam review 2013. Business environment and concepts /
260 _aCanada :
_bJohn Wiley & Sons,
_cc2013.
300 _aix,
_b411 p. ;
_c28 cm.
504 _aIncludes index.
650 _a1. Business enterprises–US–Finance–Examinations–Study guides.
650 _a2. Accounting–US–Examinations–Study guides.
650 _a3. Commercial law–Examinations, questions, etc.
700 _aO. Ray Whittington
942 _2ddc
_n0
_cBK-CIRC
_kCirc.
999 _c421
_d421